00542nmm a2200145Ia 4500008004100000020001500041041000800056100002700064245010600091264004400197300001800241490007200259650001400331856005100345251105s9999||||xx |||||||||||||||||und|| a8476587767 aspa aHart, David Montgomery 0aBandidismo en el Islam :b Estudios de caso en Marruecos, Argelia y la frontera noroestede Pakistán a[Madrid, España] :bAnthropos, c2006 a148 páginas aPensamiento crítico / Pensamiento utópico: crítica y utopía aSociology uhttps://public.digitaliapublishing.com/a/13579